Automobiles en emoji par IA #2 - Statistiques

Statistiques générales
  • Ce quiz a été pris 374 fois
  • Le résultat moyen est 18 sur 20
Statistiques - réponses
Hint Réponse % Correct
Tesla Modèle Y
97%
McLaren P1
95%
Audi Q5
93%
BMW Serie 1
93%
Mercedes class C
93%
Peugeot 3008
92%
Volvo XC90
92%
Renault Megane
91%
Renault Zoe
91%
Dacia Sandero
91%
Toyota Aygo
91%
Citroen Saxo
90%
Citroen 2cv
90%
Audi A1
89%
Volkswagen T-Roc
87%
Peugeot 407
86%
Volkswagen New Beetle
84%
Simca
83%
Kia Niro
79%
Ford Kuga
79%
Aucun quiz correspondant
Distribution des résultats
% des personnes avec chaque résultat
Percentile par nombre de réponses
Votre historique - résultats
Vous n’avez pas pris ce quiz